Statistiken für Die 7 Weltwunder der Natur

Klicken Sie hier um das Quiz zu spielen!

Allgemein

  • Dieses Quiz wurde 57 mal gespielt
  • Das Durchschnittsergebnis liegt bei 2 aus 7

Antwortstatistiken

HinweisAntwort% Korrekt
SüdamerikaAmazonas
66%
SüdafrikaTafelberg
55%
VietnamHalong-Bucht
39%
ArgentinienIguazú-Wasserfälle
21%
IndonesienKomodo
11%
SüdkoreaJejudo
5%
PhilippinenPuerto-Princesa-Subterranean-River-Nationalpark
0%

Verteilung der Resultate

Perzentil nach korrekt beantworteten Fragen

Anzahl Personen mit jedem Resultat

Ihre Resultats-Entwicklung

Sie haben dieses Quiz noch nicht gespielt